| 000 | 01008nam a2200457Ia 4500 | ||
|---|---|---|---|
| 001 | 9775 | ||
| 003 | 19641 | ||
| 005 | 20241211063620.0 | ||
| 008 | ||||||n9999 ||| || || | ||
| 020 | _a8425602211 | ||
| 041 | _aspa | ||
| 082 |
_221 _a658 |
||
| 100 |
_aBoardman, R. D. _916611 |
||
| 245 | 0 | _aDireccion y analisis de costes en hoteles y restaurantes | |
| 260 |
_aEspaña : _bIberico europea de ediciones s.a., _c1973. |
||
| 300 | _a312p | ||
| 562 | _e1 | ||
| 650 | 0 |
_aAdministración hotelera _916612 |
|
| 650 | 0 |
_aAnálisis de costos _98424 |
|
| 942 | _cBKM | ||
| 999 |
_c9775 _d9775 |
||
| 526 | _a102617 | ||
| 526 | _a102618 | ||
| 526 | _a15794 | ||
| 526 | _a102619 | ||
| 526 | _a102620 | ||
| 526 | _a10406 | ||
| 526 | _a105630 | ||
| 526 | _a1698 | ||
| 526 | _a116204 | ||
| 526 | _a4969 | ||
| 526 | _a19790 | ||
| 526 | _a104436 | ||
| 526 | _a5144 | ||
| 526 | _a51868 | ||
| 526 | _a3899 | ||
| 526 | _a9683 | ||
| 526 | _a | ||
| 526 | _a1703 | ||
| 526 | _a1697 | ||
| 526 | _a17598 | ||